000 00692nam a2200217Ia 4500
001 7387
003 GE_BSU
008 181216s||||||||xx |||||||||||||| ||und||
040 _cGE_BSU
080 _a621.436.2(03)
245 _aДизели и газовые двигатели.
245 _bКаталог-справочник.
245 _cСост. Л.В.Васин. БН.Ахун. Н.И.Иваченко и др. Под ред. А.А.Фадина. Ред. из-во М.П.Юкевич.
260 _aЛ.
260 _bМашгиз.
260 _c1961.
300 _a279стр.
300 _eтабл.
653 _aДизели и газовые двигатели.
942 _cBK
999 _c40748
_d40748